| 000 | 00889nam a22002771 4500 | ||
|---|---|---|---|
| 001 | 33340 | ||
| 003 | BD-RjUL | ||
| 005 | 20211209052006.0 | ||
| 008 | 140507s1962 ilu b 001 0 eng | ||
| 035 | _a(BD-RjUL)33431 | ||
| 035 | _a(OCoLC)908709 | ||
| 040 |
_aDLC _cOClU-L _dOCoLC _dCSdC-L _dDLC _dBD-RjUL _beng |
||
| 041 | _aeng | ||
| 082 |
_a341 _bCAL 1962 |
||
| 100 | 1 |
_aCarlston, Kenneth Smith, _d1904-1969. _9101205 |
|
| 245 | 1 | 0 |
_aLaw and organization in world society / _c[by] Kenneth S. Carlston. |
| 260 |
_aUrbana : _bUniversity of Illinois Press, _c1962. |
||
| 300 |
_axii, 356 p. ; _c24 cm. |
||
| 504 | _aIncludes bibliographical references and index. | ||
| 650 | 0 |
_aEminent domain (International law) _9101206 |
|
| 650 | 0 |
_aInternational law. _9101207 |
|
| 650 | 0 |
_aInternational organization. _96404 |
|
| 942 |
_2ddc _cBK |
||
| 999 |
_c33340 _d33340 |
||